[Event "Attica-ch U16"]
[Site "Athens"]
[Date "2006.??.??"]
[Round "3.1"]
[White "Bizopoulos, Alexandros"]
[Black "Pavlidis, Anastasios"]
[Result "0-1"]
[WhiteElo "2026"]
[BlackElo "2136"]
[PlyCount "78"]
[EventDate "2006.12.27"]
[EventType "swiss"]
[EventRounds "9"]
[EventCountry "GRE"]
[SourceTitle "EXT 2024"]
[Source "ChessBase"]
[SourceDate "2023.10.10"]
[SourceVersion "1"]
[SourceVersionDate "2023.10.10"]
[SourceQuality "1"]

1. e4 c5 2. Nf3 d6 3. d4 cxd4 4. Nxd4 Nf6 5. Nc3 g6 6. g3 Bg7 7. Bg2 0-0 8. 0-0 Bd7 9. Nd5 Nc6 10. c3 Nxd5 11. exd5 Nxd4 12. cxd4 Qb6 13. Be3 Qxb2 14. Rb1 Qxa2 15. Rxb7 Rfd8 16. Bg5 Bf6 17. Bxf6 exf6 18. Qf3 Kg7 19. h4 h5 20. Qf4 Qa6 21. Rfb1 Bf5 22. Bf1 Qa2 23. Re1 Re8 24. Rxe8 Rxe8 25. Qxd6 a5 26. Ra7 Qb1 27. Qc7 Rf8 28. Qxa5 Bd3 29. Qa1 Rb8 30. Qxb1 Rxb1 31. Rd7 Bxf1 32. Rd8 Bd3+ 33. Kg2 Be4+ 34. f3 Rb2+ 35. Kf1 Bxf3 36. d6 Rd2 37. Ke1 Rxd4 38. Kf2 Bg4 39. Ke3 Rd1 0-1

[Event "Attica-ch U16"]
[Site "Athens"]
[Date "2006.??.??"]
[Round "8.8"]
[White "Stefanidis, Ioannis"]
[Black "Bizopoulos, Alexandros"]
[Result "0-1"]
[WhiteElo "1927"]
[BlackElo "2026"]
[PlyCount "98"]
[EventDate "2006.12.27"]
[EventType "swiss"]
[EventRounds "9"]
[EventCountry "GRE"]
[SourceTitle "EXT 2024"]
[Source "ChessBase"]
[SourceDate "2023.10.10"]
[SourceVersion "1"]
[SourceVersionDate "2023.10.10"]
[SourceQuality "1"]

1. e4 c5 2. Nf3 d6 3. d4 cxd4 4. Nxd4 Nf6 5. Nc3 a6 6. a4 e5 7. Nde2 Be7 8. Ng3 0-0 9. Be2 Be6 10. 0-0 Nc6 11. Kh1 d5 12. exd5 Nxd5 13. Nxd5 Bxd5 14. f4 exf4 15. Bxf4 Be6 16. Bd3 f5 17. c3 Bg5 18. Bxg5 Qxg5 19. Bxf5 Bxf5 20. Qd5+ Kh8 21. Rxf5 Rxf5 22. Qxf5 Qxf5 23. Nxf5 Rd8 24. h3 g6 25. Nh4 Rd2 26. b4 Rc2 27. Ra3 Ne5 28. Rb3 b6 29. Nf3 Nxf3 30. gxf3 Kg7 31. Kg1 Kf6 32. Kf1 Kg5 33. Ke1 Ra2 34. Kd1 Rxa4 35. Kc2 Kh4 36. Kb2 b5 37. f4 Kxh3 38. f5 a5 39. f6 axb4 40. Rxb4 Ra6 41. Rf4 Ra8 42. Kb3 h5 43. Kc2 h4 44. f7 Rf8 45. Kd2 g5 46. Rf6 g4 47. Ke2 g3 48. Rf4 Rxf7 49. Rxf7 Kg2 0-1